000
00331nam a22001217a 4500
003
SGT
082
_a
891.4309
_b
Y92H
100
_a
हुसैन, अल्ताफ
245
_a
यादगारे साहिब
260
_b
ग़ालिब हिंदी अकादमी
_c
1992
300
_a
171
942
_2
ddc
_c
BK
999
_c
31249
_d
31249